[Event "Torino op 53rd"]
[Site "Torino"]
[Date "2024.01.02"]
[Round "1"]
[White "Bifulco, Michel"]
[Black "Gioseffi, Massimiliano"]
[Result "1-0"]
[WhiteElo "2251"]
[BlackElo "2044"]
[PlyCount "89"]
[EventDate "2024.01.02"]
[EventType "swiss"]
[EventRounds "9"]
[EventCountry "ITA"]
[SourceTitle "CB02_2024"]
[SourceDate "2024.01.10"]
[SourceVersion "1"]
[SourceVersionDate "2024.01.10"]
[SourceQuality "1"]

1. e4 c5 2. Nf3 e6 3. Nc3 Nc6 4. d4 cxd4 5. Nxd4 Qc7 6. f4 a6 7. Nxc6 Qxc6 8. Bd3 b5 9. Qe2 Bb7 10. Bd2 Rc8 11. 0-0-0 Bc5 12. a3 Ne7 13. h4 0-0 14. h5 f5 15. g4 fxe4 16. Nxe4 Nd5 17. Nxc5 Qxc5 18. Qe4 g6 19. Qe5 Nxf4 20. Bxf4 Qxe5 21. Bxe5 Bxh1 22. Rxh1 d6 23. Bc3 g5 24. Re1 Rce8 25. Bd2 h6 26. Bg6 Re7 27. Bb4 Rd8 28. Re3 Kg7 29. b3 Kf6 30. Rf3+ Kg7 31. Rc3 Kf6 32. Rc6 Ke5 33. Rxa6 Red7 34. Bd3 Kf4 35. Bxb5 Kxg4 36. Bxd7 Rxd7 37. Rxd6 Rf7 38. Rxe6 Kxh5 39. a4 g4 40. Bd2 g3 41. Rxh6+ Kg4 42. Rg6+ Kh3 43. Be3 g2 44. a5 Rf3 45. Bb6 1-0

[Event "ITA-chTA 53rd"]
[Site "Montesilvano"]
[Date "2022.04.20"]
[Round "2.4"]
[White "Gioseffi, Massimiliano"]
[Black "Seresin, Francesco"]
[Result "1/2-1/2"]
[WhiteElo "2100"]
[BlackElo "2327"]
[PlyCount "60"]
[EventDate "2022.04.19"]
[EventType "team-tourn"]
[EventRounds "7"]
[EventCountry "ITA"]
[SourceTitle "CBM 207 Extra"]
[Source "ChessBase"]
[SourceDate "2022.05.31"]
[SourceVersion "1"]
[SourceVersionDate "2022.05.31"]
[SourceQuality "1"]
[WhiteTeam "Savona"]
[BlackTeam "WorldtradingLab"]
[WhiteTeamCountry "ITA"]
[BlackTeamCountry "ITA"]

1. d4 Nf6 2. c4 e6 3. Nc3 d5 4. cxd5 exd5 5. Bg5 c6 6. e3 Be7 7. Bd3 Nbd7 8. Qc2 h6 9. Bh4 Nh5 10. Bxe7 Qxe7 11. Nge2 Nb6 12. 0-0-0 Bg4 13. h3 Bxe2 14. Qxe2 Nf6 15. f3 0-0-0 16. Rhe1 Kb8 17. Kb1 Rhe8 18. Qf2 Qd6 19. g4 a6 20. Bf1 Nfd7 21. e4 f6 22. a3 dxe4 23. fxe4 c5 24. e5 Qc7 25. dxc5 Qxc5 26. Qxc5 Nxc5 27. exf6 Rxd1+ 28. Rxd1 gxf6 29. Ka2 Kc7 30. Bg2 Re5 1/2-1/2

[Event "Bratto op 33rd"]
[Site "Bratto"]
[Date "2013.08.17"]
[Round "1"]
[White "Gioseffi, Massimiliano"]
[Black "Sumets, Andrey"]
[Result "0-1"]
[WhiteElo "2171"]
[BlackElo "2577"]
[PlyCount "67"]
[EventDate "2013.08.17"]
[EventType "swiss"]
[EventRounds "9"]
[EventCountry "ITA"]
[SourceTitle "CBM 156 Extra"]
[Source "ChessBase"]
[SourceDate "2013.10.22"]
[SourceVersion "1"]
[SourceVersionDate "2013.10.22"]
[SourceQuality "1"]

1. d4 Nf6 2. c4 e6 3. Nc3 Bb4 4. e3 c5 5. a3 Bxc3+ 6. bxc3 0-0 7. Bd3 b6 8. Ne2 Nc6 9. 0-0 Ba6 10. e4 Ne8 11. f4 f5 12. e5 Na5 13. d5 d6 14. g4 fxg4 15. dxe6 Qe7 16. Be4 Rd8 17. Bd5 Bxc4 18. Bxc4 Nxc4 19. Qd5 b5 20. exd6 Rxd6 21. Qxc5 Rxe6 22. Qxe7 Rxe7 23. Nd4 Ned6 24. a4 bxa4 25. Rxa4 Rc8 26. f5 Nb6 27. Bg5 Rf7 28. Ra3 Ne4 29. Bh4 Rxc3 30. Ra5 Rb7 31. Ne6 Nd2 32. Be1 Rc2 33. Bxd2 Rxd2 34. Rb1 0-1

[Event "ITA-ch sf 71st"]
[Site "Acqui Terme"]
[Date "2011.07.21"]
[Round "6"]
[White "Gioseffi, Massimiliano"]
[Black "Basso, Pier Luigi"]
[Result "1/2-1/2"]
[WhiteElo "2105"]
[BlackElo "2045"]
[PlyCount "115"]
[EventDate "2011.07.17"]
[EventType "swiss"]
[EventRounds "9"]
[EventCountry "ITA"]
[SourceTitle "EXT 2013"]
[Source "ChessBase"]
[SourceDate "2012.11.22"]
[SourceVersion "1"]
[SourceVersionDate "2012.11.22"]
[SourceQuality "1"]

1. d4 d5 2. c4 e6 3. Nc3 Nf6 4. cxd5 exd5 5. Bg5 Be7 6. e3 0-0 7. Qc2 c6 8. Bd3 h6 9. Bh4 b5 10. a3 Bb7 11. Nf3 Nbd7 12. 0-0 Re8 13. Rac1 Ne4 14. Bxe7 Qxe7 15. Bxe4 dxe4 16. Nd2 f5 17. Ne2 Rac8 18. Nb3 Nf6 19. Qc5 Nd5 20. Qxe7 Rxe7 21. Nc5 a5 22. Rc2 b4 23. a4 Nb6 24. Rfc1 Ba8 25. Ra1 Bb7 26. h4 g6 27. Ng3 Rec7 28. h5 Kf7 29. hxg6+ Kxg6 30. Nb3 Ba6 31. Rc5 Nc4 32. Rb1 Nb6 33. Rxa5 Bd3 34. Rc1 Nc4 35. Rxf5 Nxb2 36. a5 Bc4 37. Rc2 Bxb3 38. Rxb2 Bd5 39. Rxb4 Ra7 40. Ra4 Re8 41. Re5 Rxe5 42. dxe5 Bb3 43. Ra3 Bd5 44. Kf1 Kf7 45. Ke2 Ke6 46. f4 exf3+ 47. gxf3 Kxe5 48. f4+ Kd6 49. Nf5+ Kc5 50. Nxh6 Kb4 51. Ra1 Kc3 52. Rc1+ Kb4 53. Kd3 Kb5 54. Kd4 Re7 55. f5 Re4+ 56. Kd3 Rh4 57. Ra1 Rxh6 58. a6 1/2-1/2

[Event "Imperia op-A 51st"]
[Site "Imperia"]
[Date "2009.09.04"]
[Round "7"]
[White "Gioseffi, Massimiliano"]
[Black "Friedrich, Norbert"]
[Result "1/2-1/2"]
[WhiteElo "2110"]
[BlackElo "2350"]
[PlyCount "48"]
[EventDate "2009.08.30"]
[EventType "swiss"]
[EventRounds "9"]
[EventCountry "ITA"]
[SourceTitle "EXT 2011"]
[Source "ChessBase"]
[SourceDate "2010.11.26"]
[SourceVersion "1"]
[SourceVersionDate "2010.11.26"]
[SourceQuality "1"]

1. d4 d5 2. c4 c6 3. Nf3 Nf6 4. Nc3 e6 5. e3 Nbd7 6. Qc2 Bd6 7. Bd3 0-0 8. 0-0 dxc4 9. Bxc4 b5 10. Be2 Bb7 11. Rd1 Rb8 12. a3 Rc8 13. b4 a5 14. Rb1 axb4 15. axb4 Nd5 16. Nxd5 cxd5 17. Qb3 Ra8 18. Bd2 Nb6 19. h3 Ra4 20. Ne1 Qa8 21. Nd3 Ra3 22. Qb2 Ra2 23. Qb3 Ra3 24. Qb2 Ra2 1/2-1/2